000 01914nam0a2200385 4500
001 RU\NLR\bibl\1435669
005 20260407211217.0
010 _a978-5-94507-099-8
_9150
021 _aRU
_b2009-73525
_94572
021 _aRU
_b2009-96392
_96122
035 _a(NLR Aleph) 001427550
090 _a1381866
_c1381866
100 _a20090914d2009 |||y0rusy50 ca
101 0 _arus
102 _aRU
105 _ac |||||||||
200 1 _aВо главе Alma Mater
_e(к 65-летию ЧелГМА)
_eбиобиблиографический указатель
_fНауч. б-ка ЧелГМА, Справ.-библиогр. отд.
_g[сост.: А. М. Ясинская
_gпод ред. Р.В. Кондратьевой, Л.А. Кудрявцевой]
210 _aЧелябинск
_cЧелябинская государственная медицинская академия
_d2009
215 _a95 с.
_cпортр.
_d21
300 _aНа обл.: 65 лет Челяб. гос. мед. акад.
320 _aАлф. указ.: с. 87-93
601 0 2 _aЧелябинская государственная медицинская академия
_jБиобиблиография
_xРекторы
_92578440
_3RU\NLR\auth\661524406
686 _aР11(2)р31Челябинский.я1
_2rubbk
686 _aЧ488.94(2)7-8
686 _aЧ488.914.11
686 _aР.г(2)7
702 1 _aЯсинская
_bА. М.
_4220
702 1 _aКондратьева
_bР. В.
_4340
712 0 2 _4570
_aЧелябинская государственная медицинская академия
_bНаучная библиотека
_bСправочно-библиографический отдел
_3RU\NLR\AUTH\8810140184
_9775436
801 0 _aRU
_bРКП
_c20090914
_grcr
801 1 _aRU
_bРГБ
_c20090914
801 2 _aRU
_bNLR
_c20091110
_grcr
942 _cBOOK
980 _aNB